Library Banner

Snow white and Islamic tale/ (Record no. 102693)

MARC details
000 -LEADER
fixed length control field 00421nam a22001577a 4500
005 - DATE AND TIME OF LATEST TRANSACTION
control field 20180206153440.0
008 - FIXED-LENGTH DATA ELEMENTS--GENERAL INFORMATION
fixed length control field 180206b xxu||||| |||| 00| 0 eng d
020 ## - INTERNATIONAL STANDARD BOOK NUMBER
International Standard Book Number 9780860375265
040 ## - CATALOGING SOURCE
Transcribing agency PK-LaUMT
082 ## - DEWEY DECIMAL CLASSIFICATION NUMBER
Classification number PKAC 297.09
Item number FAU-S
100 ## - MAIN ENTRY--PERSONAL NAME
Personal name Fauzia Gilani
245 ## - TITLE STATEMENT
Title Snow white and Islamic tale/
Statement of responsibility, etc Fauzia Gilani
260 ## - PUBLICATION, DISTRIBUTION, ETC. (IMPRINT)
Place of publication, distribution, etc Leicesterhshire:
Name of publisher, distributor, etc The Islamic Foundation,
Date of publication, distribution, etc 2013
300 ## - PHYSICAL DESCRIPTION
Extent 25
942 ## - ADDED ENTRY ELEMENTS (KOHA)
Koha item type Books
Holdings
Withdrawn status Lost status Damaged status Home library Current library Date acquired Full call number Barcode Date last seen Price effective from Koha item type
      UMT Main Campus UMT Main Campus 2018-02-06 PKAC 297.09 FAU-S 118585 2018-02-06 2018-02-06 Books